Union executive in the constitution of India : An analytical study (Record no. 22473)

MARC details
000 -LEADER
fixed length control field 00672nam a2200205Ia 4500
082 ## - DEWEY DECIMAL CLASSIFICATION NUMBER
Classification number TL.0031
100 ## - MAIN ENTRY--AUTHOR NAME
Personal name Lal, Jai Narain
245 #0 - TITLE STATEMENT
Title Union executive in the constitution of India : An analytical study
260 ## - PUBLICATION, DISTRIBUTION, ETC. (IMPRINT)
Year of publication 1966
Name of publisher Gorakhpur University
300 ## - PHYSICAL DESCRIPTION
Number of Pages 595p. + C D - 59
650 ## - SUBJECT ADDED ENTRY--TOPICAL TERM
Topical Term POLITICAL SCIENCE///CABINET SYSTEM
650 ## - SUBJECT ADDED ENTRY--TOPICAL TERM
Topical Term PARLIAMENTARY GOVERNMENT//CABINET SYSTEM
650 ## - SUBJECT ADDED ENTRY--TOPICAL TERM
Topical Term INDIA - CONSTITUTION
650 ## - SUBJECT ADDED ENTRY--TOPICAL TERM
Topical Term CABINET SYSTEM - INDIA
650 ## - SUBJECT ADDED ENTRY--TOPICAL TERM
Topical Term CABINET GOVERNMENT//CABINET SYSTEM
650 ## - SUBJECT ADDED ENTRY--TOPICAL TERM
Topical Term INDIA - PARLIAMENT
650 ## - SUBJECT ADDED ENTRY--TOPICAL TERM
Topical Term REPRESENTATIVE GOVERNMENT AND REPRESENTATION///CABINET SYSTEM
710 ## - ADDED ENTRY--CORPORATE NAME
Corporate name or jurisdiction name as entry element Krishna Nand
942 ## - ADDED ENTRY ELEMENTS (KOHA)
Koha item type Thesis
Source of classification or shelving scheme Dewey Decimal Classification
Holdings
Withdrawn status Lost status Damaged status Not for loan Home library Current library Date acquired Full call number Accession Number Price effective from Koha item type
        NASSDOC Library NASSDOC Library 08/10/2004 TL.0031 9460 18/04/2019 Thesis